James Cagney Filmography - Statistics

General Stats
  • This quiz has been taken 44 times
    22 since last reset
  • The average score is 14 of 95
Answer Stats
Type Year Name % Correct
Film 1938 Angels with Dirty Faces
92%
Film 1939 The Roaring Twenties
92%
Film 1942 Yankee Doodle Dandy
92%
Documentary 1981 James Cagney: That Yankee Doodle Dandy
85%
Radio Series 1942, 1948 Screen Guild Players
85%
Film 1931 The Public Enemy
85%
Film 1949 White Heat
85%
Film 1981 Ragtime
69%
Film 1955 Love Me or Leave Me
46%
Film 1955 Mister Roberts
38%
Film 1932 Taxi!
31%
Film 1940 The Fighting 69th
31%
Film 1941 The Strawberry Blonde
31%
Film 1939 Each Dawn I Die
23%
Film 1935 G Men
23%
Film 1933 Lady Killer
23%
Film 1961 One, Two, Three
23%
TV Film 1984 Terrible Joe Moran
23%
Film 1950 The West Point Story
23%
Film 1947 13 Rue Madeleine
15%
Film 1935 A Midsummer Night's Dream
15%
Film 1931 Blonde Crazy
15%
Film 1942 Captains of the Clouds
15%
Film 1934 Jimmy the Gent
15%
Film 1957 Man of a Thousand Faces
15%
Film 1959 Never Steal Anything Small
15%
Film 1955 Run for Cover
15%
Film 1931 Smart Money
15%
Film 1939 The Oklahoma Kid
15%
TV Show 1960 What's My Line?
15%
Film 1953 A Lion Is in the Streets
8%
Film 1945 Blood on the Sun
8%
Film 1938 Boy Meets Girl
8%
Film 1936 Ceiling Zero
8%
Film 1940 City for Conquest
8%
Film 1951 Come Fill the Cup
8%
Film 1935 Devil Dogs of the Air
8%
Film 1933 Footlight Parade
8%
Film 1936 Great Guy
8%
Film 1933 Hard to Handle
8%
Film 1934 Here Comes the Navy
8%
Film 1943 Johnny Come Lately
8%
Film 1950 Kiss Tomorrow Goodbye
8%
Film 1933 Picture Snatcher
8%
Film 1959 Shake Hands with the Devil
8%
Film 1937 Something to Sing About
8%
TV Film 1966 The Ballad of Smokey the Bear
8%
Film 1941 The Bride Came C.O.D.
8%
Film 1932 The Crowd Roars
8%
Film 1960 The Gallant Hours
8%
Film 1933 The Mayor of Hell
8%
TV Show 1979 The Mike Douglas Show
8%
Film 1956 These Wilder Years
8%
Film 1934 The St. Louis Kid
8%
Film 1948 The Time of Your Life
8%
Film 1940 Torrid Zone
8%
Film 1956 Tribute to a Bad Man
8%
Film 1952 What Price Glory
8%
TV Special 1974 AFI Life Achievement Award: A Tribute to James Cagney
0%
Short Film 1940 Angels of Mercy
0%
Film 1968 Arizona Bushwhackers
0%
Short Documentary 1944 Battle Stations
0%
Short Documentary 1955 Down on the Farm with James Cagney
0%
Radio Series 1952 Family Theater
0%
Film 1935 Frisco Kid
0%
Theater 1928, 1929 Grand Street Follies
0%
Radio Series 1941 Gulf Screen Guild
0%
Film 1934 He Was Her Man
0%
Short Film 1931 How I Play Golf by Bobby Jones No. 11 'Practice Shots'
0%
Short TV Documentary 2003 James Cagney and Jack Warner
0%
Documentary 1999 James Cagney on Film
0%
TV Documentary 1992 James Cagney: Top of the World
0%
Radio Series 1942 Lady Esther Screen Guild Players
0%
Radio Series 1939 Lux Radio Theatre
0%
Theater 1929 Maggie Street Magnificent
0%
Film 1935 Mutiny on the Bounty
0%
TV Show 1958 Navy Log
0%
Film 1931 Other Men's Women
0%
Theater 1925 Outside Looking In
0%
Theater 1930 Penny Arcade
0%
Theater 1920-1921 Pitter Patter
0%
TV Show 1956 Robert Montgomery Presents
0%
Film 1930 Sinners' Holiday
0%
Radio Series 1948 Suspense
0%
TV Show 1956 The Bob Hope Show
0%
Film 1930 The Doorway to Hell
0%
TV Show 1955, 1956, 1959 The Ed Sullivan Show
0%
Film 1935 The Irish in Us
0%
Film 1931 The Millionaire
0%
Short Film 1962 The Road to the Wall
0%
Film 1969 The Secretaries
0%
Film 1955 The Seven Little Foys
0%
Film 1932 Winner Take All
0%
Theater 1927 Women Go On Forever
0%
Short Film 1943 You, John Jones!
0%
No matching quizzes found
Score Distribution
Percent of People with Each Score
Percentile by Number Answered
Your Score History
You have not taken this quiz since the last reset